00438nam a2200109Ia 4500008004100000100002000041245008100061260008400142300001800226650001400244856007000258160712s9999 xx 000 0 und d aOcampo, Nilo s. cNilo S. OcampoaPagtuligsa, Pagbawas at Muling Sipat kay Rizal bilang Bayani c2015bLagda: Journal ng U.P. Departamento ng Filipino at Panitikan ng Pilipinas avol. 10 no. 1 xPANITIKAN uhttp://journals.upd.edu.ph/index.php/lagda/issue/view/545/showToc